Geography Quiz

Random Geography or Color Quiz

Sporcle Made Flags Quiz Stats

Quiz Updated Jul 14, 2016

Challenge
Share
Tweet
Embed
Score 0/66 Timer 04:00
7 Plays Today
% Correct
=
100%
99.9%
99.9%
99.9%
99.9%
99.9%
99.9%
99.9%
99.9%
99.9%
99.9%
99.9%
99.9%
=
99.9%
=
99.9%
=
99.9%
=
99.9%
=
99.9%
=
99.9%
=
99.9%
=
99.9%
=
99.9%
=
99.9%
=
99.9%
France
93.9%
Italy
93.8%
Poland
93.5%
Belgium
92.6%
Germany
91.8%
Norway
90%
Belarus
88.6%
Latvia
86%
Romania
85.9%
% Correct
Russia
83.6%
Netherlands
80.5%
Austria
79.4%
Berlin
78.7%
Estonia
76.7%
Moscow
73.1%
Amsterdam
70.9%
Greece
70.3%
Luxembourg
70.1%
Luxembourg
70.1%
Hungary
69.3%
Vienna
67.6%
Lithuania
67.2%
Bulgaria
65%
Georgia
61.8%
Budapest
59.3%
Armenia
55.5%
Tallinn
53.3%
Sofia
53%
Vilnius
44.6%
Yemen
39.2%
Chile
37.8%
Oman
37.2%
Bolivia
34%
Gabon
32.9%
Sierra Leone
32.4%
Yerevan
32%
Cameroon
30.5%
Liberia
28.9%
La Paz
27.5%
Sana'a
24%
Freetown
22.5%
Libreville
17.1%

You're not logged in!

Compare scores with friends on all Sporcle quizzes.
Sign Up with Email
OR
Log In

You Might Also Like...

Show Comments

Extras

Top Quizzes Today


Score Distribution

Your Account Isn't Verified!

In order to create a playlist on Sporcle, you need to verify the email address you used during registration. Go to your Sporcle Settings to finish the process.